[Event "WSTCC-50 2024"]
[Site "Krakow"]
[Date "2024.07.11"]
[Round "9.10"]
[White "Horvath, Julia"]
[Black "Wilson, Edgar"]
[Result "1/2-1/2"]
[WhiteElo "2116"]
[BlackElo "1912"]
[Annotator "RC"]
[PlyCount "133"]
[EventDate "2024.07.01"]
[EventType "team-tourn"]
[EventCountry "POL"]
[SourceTitle "playchess.com"]
[Source "ChessBase"]
[SourceQuality "1"]

1. d4 d5 2. c4 e6 3. Nf3 Nf6 4. g3 Be7 5. Bg2 O-O 6. O-O b6 7. cxd5 exd5 8. Nc3 Bb7 9. Qb3 Na6 10. a4 Nb4 11. Bf4 c5 12. Rfc1 Ne4 13. h4 Re8 14. dxc5 Bxc5 15. Nxe4 dxe4 16. Ne5 Bd5 17. Nc4 Rc8 18. Kf1 e3 19. f3 Qe7 20. Qc3 h6 21. h5 Red8 22. Bh3 Be6 23. Bxe6 Qxe6 24. g4 Nd5 25. Qe5 Nxf4 26. Qxf4 Rd4 27. Qf5 Qxf5 28. gxf5 Rdd8 29. b3 Kf8 30. Rd1 Ke7 31. Kg2 Kf6 32. Kg3 Kxf5 33. f4 Ke4 34. Rac1 Be7 35. Ne5 Rxc1 36. Rxc1 Bd6 37. Rd1 Bc7 38. Nd3 Bxf4+ 39. Kg4 Bc7 40. Rc1 Rd7 41. Rc4+ Kd5 42. Nb4+ Ke6 43. Nc6 a5 44. Nd4+ Kf6 45. Nf5 Ke5 46. Rc3 Bd8 47. Rxe3+ Kd5 48. Rd3+ Kc6 49. Rxd7 Kxd7 50. Nxg7 Bg5 51. Kf5 Kc6 52. Ke4 Kc5 53. Kd3 Kd5 54. Nf5 Ke5 55. e4 Kf4 56. Nd6 f6 57. Nc4 f5 58. exf5 Kxf5 59. Nxb6 Bd8 60. Nd5 Kg5 61. Ke4 Kxh5 62. Kf3 Kg5 63. b4 axb4 64. Nxb4 h5 65. Nc6 Bc7 66. a5 Bxa5 67. Nxa5 1/2-1/2

[Event "WSTCC-50 2024"]
[Site "Krakow"]
[Date "2024.07.11"]
[Round "9.10"]
[White "Burrows, Martin P"]
[Black "Lampe, Dirk"]
[Result "0-1"]
[WhiteElo "2019"]
[BlackElo "2158"]
[Annotator "RC"]
[PlyCount "100"]
[EventDate "2024.07.01"]
[EventType "team-tourn"]
[EventCountry "POL"]
[SourceTitle "playchess.com"]
[Source "ChessBase"]
[SourceQuality "1"]

1. e4 c5 2. Nf3 g6 3. d4 cxd4 4. Nxd4 Nc6 5. c4 Nf6 6. Nc3 d6 7. Be2 Nxd4 8. Qxd4 Bg7 9. Be3 O-O 10. Qd2 a5 11. Rd1 a4 12. O-O Qa5 13. Bd4 Bd7 14. f4 Bc6 15. e5 dxe5 16. fxe5 Ne4 17. Qe3 Nxc3 18. Bxc3 Qc7 19. e6 f5 20. Bxg7 Kxg7 21. Rf4 Ra5 22. c5 Be4 23. Rc1 Rf6 24. Rh4 g5 25. Rh5 h6 26. h4 Qf4 27. Qc3 gxh4 28. Rf1 Qc7 29. Qh3 Qxc5+ 30. Kh1 Qc2 31. Bf3 Rg6 32. Rxh4 Re5 33. Bxe4 Rxe4 34. Rxe4 Qxe4 35. Qf3 Qxf3 36. Rxf3 Kf6 37. Rc3 Rg4 38. Rh3 Rb4 39. b3 axb3 40. axb3 Kg5 41. Kg1 h5 42. Kf2 h4 43. g3 hxg3+ 44. Rxg3+ Kf6 45. Ke2 Kxe6 46. Kd2 Rd4+ 47. Kc3 Rd8 48. Rg6+ Ke5 49. Rb6 Rd7 50. Rb5+ Kf6 0-1

[Event "WSTCC-50 2024"]
[Site "Krakow"]
[Date "2024.07.11"]
[Round "9.11"]
[White "Staeblein, Christoph"]
[Black "Fraser-Mitchell, Jeremy N"]
[Result "1-0"]
[WhiteElo "1991"]
[BlackElo "2036"]
[Annotator "RC"]
[PlyCount "77"]
[EventDate "2024.07.01"]
[EventType "team-tourn"]
[EventCountry "POL"]
[SourceTitle "playchess.com"]
[Source "ChessBase"]
[SourceQuality "1"]

1. d4 f5 2. c4 Nf6 3. Nc3 d6 4. g3 g6 5. Bg2 Bg7 6. Nh3 O-O 7. d5 c6 8. Nf4 Qe8 9. O-O Na6 10. Be3 Bd7 11. Rb1 Ng4 12. Bd2 g5 13. Nh3 h6 14. e3 Nc5 15. Qe2 a5 16. f3 Nf6 17. Nf2 cxd5 18. cxd5 b5 19. b4 axb4 20. Rxb4 Na6 21. Nd3 Nxb4 22. Nxb4 Ra3 23. Rc1 f4 24. exf4 gxf4 25. Bxf4 Nh5 26. Bd2 Bd4+ 27. Kf1 Rf5 28. Nc6 Bxc6 29. dxc6 Qxc6 30. Qe6+ Rf7 31. Ne4 Qa6 32. Rc8+ Qxc8 33. Qxc8+ Rf8 34. Qe6+ Rf7 35. Qd5 Be5 36. Ke2 Nf6 37. Nxf6+ Bxf6 38. Bh3 Kg7 39. Bxh6+ 1-0

[Event "WSTCC-50 2024"]
[Site "Krakow"]
[Date "2024.07.11"]
[Round "9.11"]
[White "Linik, Yaron"]
[Black "Flear, Glenn C"]
[Result "0-1"]
[WhiteElo "1910"]
[BlackElo "2390"]
[Annotator "TA"]
[PlyCount "46"]
[EventDate "2024.07.01"]
[EventType "team-tourn"]
[EventCountry "POL"]
[SourceTitle "playchess.com"]
[Source "ChessBase"]
[SourceQuality "1"]

1. e4 e5 2. Nf3 Nc6 3. Nc3 Nf6 4. a3 d5 5. Bb5 Nxe4 6. Qe2 Qd6 7. Nxe4 dxe4 8. Qxe4 Bd7 9. d4 f5 10. Qe2 e4 11. Bxc6 Bxc6 12. Ne5 Qxd4 13. Qh5+ g6 14. Nxg6 hxg6 15. Qxg6+ Kd7 16. Qxf5+ Ke8 17. Qg6+ Kd7 18. Bg5 Qe5 19. O-O-O+ Bd6 20. Bf6 Qf4+ 21. Kb1 Rag8 22. Qf7+ Kc8 23. g3 Qf3 0-1

[Event "WSTCC-50 2024"]
[Site "Krakow"]
[Date "2024.07.11"]
[Round "9.11"]
[White "De Winter, Kevin"]
[Black "Forgo, Eva"]
[Result "1/2-1/2"]
[WhiteElo "1803"]
[BlackElo "2060"]
[Annotator "NA RC"]
[PlyCount "43"]
[EventDate "2024.07.01"]
[EventType "team-tourn"]
[EventCountry "POL"]
[SourceTitle "playchess.com"]
[Source "ChessBase"]
[SourceQuality "1"]

1. e4 e5 2. Nf3 Nc6 3. Bc4 Bc5 4. c3 Nf6 5. d4 exd4 6. cxd4 Bb4+ 7. Nc3 Nxe4 8. O-O Bxc3 9. d5 Ne5 10. bxc3 Nxc4 11. Qd4 O-O 12. Qxe4 Nd6 13. Qd3 h6 14. Ba3 b6 15. Rfe1 Bb7 16. c4 Ba6 17. Rac1 Qf6 18. Ne5 Rfe8 19. Bb2 Qf5 20. Qd4 f6 21. Nf3 Re4 22. Rxe4 1/2-1/2

[Event "WSTCC-50 2024"]
[Site "Krakow"]
[Date "2024.07.11"]
[Round "9.12"]
[White "Arkell, Keith C"]
[Black "Bulkovstein, David"]
[Result "1-0"]
[WhiteElo "2375"]
[BlackElo "1842"]
[Annotator "RC"]
[PlyCount "65"]
[EventDate "2024.07.01"]
[EventType "team-tourn"]
[EventCountry "POL"]
[SourceTitle "playchess.com"]
[Source "ChessBase"]
[SourceQuality "1"]

1. Nf3 Nf6 2. c4 e6 3. Nc3 d5 4. cxd5 exd5 5. d4 c6 6. Qc2 Be6 7. Bg5 Be7 8. e3 Nbd7 9. Bd3 h6 10. Bh4 O-O 11. O-O Ne8 12. Bxe7 Qxe7 13. Bh7+ Kh8 14. Bf5 Bxf5 15. Qxf5 Nd6 16. Qc2 Rfe8 17. Rfe1 Ne4 18. Ne2 Qd6 19. Nf4 Kg8 20. Nd3 a5 21. Rac1 Re6 22. Qb3 b5 23. Re2 Rb8 24. Rec2 Rb6 25. Nc5 Rf6 26. Nxd7 Qxd7 27. Ne5 Qb7 28. Qd3 Ng5 29. Qd1 Nh7 30. Rc3 Nf8 31. Qc2 Ng6 32. Rxc6 Nxe5 33. Rc8+ 1-0

[Event "WSTCC-50 2024"]
[Site "Krakow"]
[Date "2024.07.11"]
[Round "9.12"]
[White "Csom, Etelka"]
[Black "Proudfoot, Andy"]
[Result "1-0"]
[WhiteElo "1996"]
[BlackElo "1607"]
[Annotator "RC"]
[PlyCount "47"]
[EventDate "2024.07.01"]
[EventType "team-tourn"]
[EventCountry "POL"]
[SourceTitle "playchess.com"]
[Source "ChessBase"]
[SourceQuality "1"]

1. e4 d6 2. d4 Nf6 3. Nc3 Nbd7 4. Nf3 e5 5. Bc4 Be7 6. O-O h6 7. Bb3 c6 8. a4 a5 9. h3 Qc7 10. Be3 g5 11. Nh2 Nf8 12. Qf3 Ng6 13. Ng4 Bxg4 14. hxg4 Nh4 15. Qe2 Qd7 16. g3 Ng6 17. Qc4 Bd8 18. f3 Rc8 19. Rad1 Bb6 20. Qe2 h5 21. Bxg5 Bxd4+ 22. Rxd4 exd4 23. Bxf6 Rg8 24. Bxd4 1-0

[Event "WSTCC-50 2024"]
[Site "Krakow"]
[Date "2024.07.11"]
[Round "9.13"]
[White "Olafsson, Helgi"]
[Black "Sokolin, Leonid"]
[Result "0-1"]
[WhiteElo "2466"]
[BlackElo "2454"]
[Annotator "TA"]
[PlyCount "46"]
[EventDate "2024.07.01"]
[EventType "team-tourn"]
[EventCountry "POL"]
[SourceTitle "playchess.com"]
[Source "ChessBase"]
[SourceQuality "1"]

1. Nf3 c5 2. c4 Nc6 3. Nc3 e5 4. e3 Nf6 5. d4 cxd4 6. exd4 e4 7. Ng5 Bb4 8. d5 Bxc3+ 9. bxc3 Ne5 10. Ba3 d6 11. Qa4+ Bd7 12. Qb4 O-O 13. Qxd6 Re8 14. O-O-O h6 15. Ne6 fxe6 16. Qxe5 exd5 17. Qd4 Rc8 18. h3 Qa5 19. Kb2 e3 20. Bd3 dxc4 21. Bg6 e2 22. Rde1 Re6 23. g4 Ra6 0-1

[Event "WSTCC-50 2024"]
[Site "Krakow"]
[Date "2024.07.11"]
[Round "9.13"]
[White "Lima, Darcy"]
[Black "Westphal, Wolfgang"]
[Result "1-0"]
[WhiteElo "2392"]
[BlackElo "2172"]
[Annotator "TA"]
[PlyCount "45"]
[EventDate "2024.07.01"]
[EventType "team-tourn"]
[EventCountry "POL"]
[SourceTitle "playchess.com"]
[Source "ChessBase"]
[SourceQuality "1"]

1. c4 e6 2. g3 Nf6 3. Bg2 Be7 4. d4 d5 5. Nf3 O-O 6. O-O dxc4 7. Ne5 c5 8. dxc5 Bxc5 9. Nc3 a6 10. Qxd8 Rxd8 11. Bf4 Nd5 12. Rfd1 Nc6 13. Nxc6 bxc6 14. e4 Bb7 15. exd5 cxd5 16. Na4 Ba7 17. b3 Bc6 18. Nc3 cxb3 19. axb3 Re8 20. Ra2 Bb8 21. Be3 Rc8 22. Na4 Bxa4 23. bxa4 1-0

[Event "WSTCC-50 2024"]
[Site "Krakow"]
[Date "2024.07.11"]
[Round "9.14"]
[White "Paschall, William"]
[Black "Hjartarson, Johann"]
[Result "0-1"]
[WhiteElo "2312"]
[BlackElo "2472"]
[Annotator "TA"]
[PlyCount "93"]
[EventDate "2024.07.01"]
[EventType "team-tourn"]
[EventCountry "POL"]
[SourceTitle "playchess.com"]
[Source "ChessBase"]
[SourceQuality "1"]

1. Nf3 Nf6 2. c4 b6 3. g3 c5 4. Bg2 Bb7 5. O-O g6 6. b3 Bg7 7. Bb2 O-O 8. d4 cxd4 9. Qxd4 d6 10. Nc3 Nbd7 11. Qd2 a6 12. Nd4 Bxg2 13. Kxg2 Qc8 14. f3 Qb7 15. e4 Rfe8 16. Rfe1 Rac8 17. Rad1 h5 18. h3 Nc5 19. Qe2 Kh7 20. Nc2 h4 21. g4 Ne6 22. Qf2 b5 23. Qxh4+ Kg8 24. Bc1 bxc4 25. b4 a5 26. a3 axb4 27. axb4 Ra8 28. Re2 Nc7 29. Qe1 Nd7 30. f4 Nb5 31. Nxb5 Qxb5 32. Nd4 Qb7 33. Nf3 Ra1 34. Rc2 c3 35. Rxc3 Ra2+ 36. Kg3 Bxc3 37. Qxc3 Nf6 38. Ng5 Qxe4 39. Bb2 Qe2 40. Rd2 Qe1+ 41. Kg2 e5 42. Nf3 Qb1 43. fxe5 Ne4 44. Qc6 Rf8 45. Bc3 Nxd2 46. Bxd2 dxe5 47. Kg3 0-1

[Event "WSTCC-50 2024"]
[Site "Krakow"]
[Date "2024.07.11"]
[Round "9.14"]
[White "Dettmann, Gerd"]
[Black "Becker, Rogerio Sperb"]
[Result "0-1"]
[WhiteElo "2121"]
[BlackElo "2053"]
[Annotator "RC"]
[PlyCount "134"]
[EventDate "2024.07.01"]
[EventType "team-tourn"]
[EventCountry "POL"]
[SourceTitle "playchess.com"]
[Source "ChessBase"]
[SourceQuality "1"]

1. e4 c6 2. Nc3 d5 3. Nf3 dxe4 4. Nxe4 Nf6 5. Qe2 Nxe4 6. Qxe4 Qa5 7. Bc4 Qf5 8. d3 Qxe4+ 9. dxe4 Nd7 10. Be3 e6 11. O-O-O Bc5 12. Rhe1 a5 13. e5 h6 14. Bd3 Bxe3+ 15. Rxe3 Nc5 16. Nd2 Ke7 17. Rg3 g6 18. Nc4 a4 19. f4 Bd7 20. Nd6 h5 21. Be4 Rhd8 22. Rc3 Nxe4 23. Nxe4 b6 24. Rd6 Be8 25. Rcd3 Rdc8 26. Nf6 Ra7 27. a3 Rb7 28. Kd2 c5 29. Ke3 Bc6 30. Rd2 b5 31. g3 Ra7 32. c3 Rb7 33. Rc2 Rbb8 34. Rc1 Rb7 35. h3 Rbc7 36. g4 hxg4 37. hxg4 Rh8 38. Rf1 Rh3+ 39. Ke2 b4 40. Ng8+ Ke8 41. Nf6+ Ke7 42. Kf2 bxa3 43. Rfd1 Rb7 44. Ng8+ Kf8 45. Rd8+ Kg7 46. b4 Rh8 47. Nf6 Rb8 48. Rxh8 Rxh8 49. bxc5 a2 50. Kg3 Rb8 51. g5 Kf8 52. Ra1 Rb2 53. c4 Ke7 54. Ng8+ Kd8 55. Nh6 Ke8 56. Ng8 Kf8 57. Nf6 a3 58. Nh7+ Ke7 59. Nf6 Rg2+ 60. Kh3 Rb2 61. Kg3 Ba4 62. Ne4 Bc2 63. Nd6 Kd7 64. Nxf7 Bb3 65. c6+ Kxc6 66. f5 exf5 67. e6 Rb1 0-1

[Event "WSTCC-50 2024"]
[Site "Krakow"]
[Date "2024.07.11"]
[Round "9.14"]
[White "Richter, Ulrike"]
[Black "Rowe, Peter"]
[Result "1/2-1/2"]
[WhiteElo "1904"]
[BlackElo "1960"]
[Annotator "NA RC"]
[PlyCount "48"]
[EventDate "2024.07.01"]
[EventType "team-tourn"]
[EventCountry "POL"]
[SourceTitle "playchess.com"]
[Source "ChessBase"]
[SourceQuality "1"]

1. c4 e5 2. Nc3 f5 3. d3 d6 4. g3 Nf6 5. Bg2 Be7 6. e3 O-O 7. Nge2 c6 8. b3 a5 9. Bb2 Na6 10. Qd2 Rb8 11. O-O Be6 12. Rad1 Qc7 13. f3 d5 14. cxd5 cxd5 15. d4 e4 16. Rc1 Qd7 17. Nf4 g5 18. Nxe6 Qxe6 19. a3 Qb6 20. Qd1 Rfd8 21. Bh3 Qe6 22. fxe4 g4 23. Bg2 fxe4 24. Ne2 Bd6 1/2-1/2

[Event "WSTCC-50 2024"]
[Site "Krakow"]
[Date "2024.07.11"]
[Round "9.15"]
[White "Petursson, Margeir"]
[Black "Ginsburg, Mark"]
[Result "1/2-1/2"]
[WhiteElo "2397"]
[BlackElo "2272"]
[Annotator "TA"]
[PlyCount "81"]
[EventDate "2024.07.01"]
[EventType "team-tourn"]
[EventCountry "POL"]
[SourceTitle "playchess.com"]
[Source "ChessBase"]
[SourceQuality "1"]

1. c4 b6 2. Nc3 Bb7 3. d4 e6 4. e4 Bb4 5. Bd3 f5 6. Qh5+ g6 7. Qe2 Nf6 8. Bg5 fxe4 9. Bxe4 Bxe4 10. Bxf6 Qxf6 11. Qxe4 Nc6 12. Nf3 Bxc3+ 13. bxc3 O-O 14. O-O Qf5 15. Qe2 d6 16. Rab1 a6 17. Rfe1 Rae8 18. h3 e5 19. Qd2 exd4 20. cxd4 d5 21. Qc3 Re4 22. Rbd1 Rfe8 23. cxd5 Qxd5 24. Kh1 Rxe1+ 25. Rxe1 Rxe1+ 26. Qxe1 Kg7 27. Qe8 h6 28. Qc8 Qd6 29. Qg4 Ne7 30. h4 b5 31. h5 g5 32. Qe4 c6 33. Ne1 Nd5 34. Nd3 Nf4 35. Nxf4 gxf4 36. Qf5 a5 37. Qg4+ Kf7 38. Qf5+ Kg7 39. Qg4+ Kf7 40. Qf5+ Kg7 41. Qg4+ 1/2-1/2

[Event "WSTCC-50 2024"]
[Site "Krakow"]
[Date "2024.07.11"]
[Round "9.15"]
[White "Santanna, Paulo"]
[Black "Moritz, Hartmut"]
[Result "1-0"]
[WhiteElo "2020"]
[BlackElo "2002"]
[Annotator "NA RC"]
[PlyCount "81"]
[EventDate "2024.07.01"]
[EventType "team-tourn"]
[EventCountry "POL"]
[SourceTitle "playchess.com"]
[Source "ChessBase"]
[SourceQuality "1"]

1. e4 e6 2. d4 d5 3. Nc3 Nf6 4. e5 Nfd7 5. Nce2 c5 6. c3 b6 7. Nf3 Be7 8. h4 Ba6 9. Bg5 h6 10. Be3 Nc6 11. g4 Qc7 12. Rc1 O-O-O 13. Qa4 Bd3 14. Ng3 Bxf1 15. Kxf1 f6 16. c4 fxe5 17. cxd5 exd5 18. Nf5 Bf8 19. dxe5 Ndxe5 20. Bf4 g6 21. Nxe5 Nxe5 22. Re1 gxf5 23. Bxe5 Bd6 24. Bxh8 Rxh8 25. Re8+ Rxe8 26. Qxe8+ Kb7 27. g5 Bf4 28. g6 Qe5 29. Qxe5 Bxe5 30. Rg1 Bg7 31. Ke2 Kc6 32. Kf3 Kd6 33. Kf4 Ke6 34. Re1+ Kf6 35. h5 Bf8 36. Re8 Bd6+ 37. Kf3 a5 38. Rd8 Be5 39. Rxd5 Bxb2 40. Rd6+ Kg5 41. g7 1-0

[Event "WSTCC-50 2024"]
[Site "Krakow"]
[Date "2024.07.11"]
[Round "9.15"]
[White "Brookfield, Toby"]
[Black "Mai, Iris"]
[Result "1/2-1/2"]
[WhiteElo "1894"]
[BlackElo "1972"]
[Annotator "RC"]
[PlyCount "82"]
[EventDate "2024.07.01"]
[EventType "team-tourn"]
[EventCountry "POL"]
[SourceTitle "playchess.com"]
[Source "ChessBase"]
[SourceQuality "1"]

1. e4 c5 2. Nf3 e6 3. d4 cxd4 4. Nxd4 a6 5. Bd3 Nf6 6. O-O Qc7 7. Qe2 d6 8. f4 Nbd7 9. Nf3 Nc5 10. Nc3 Nxd3 11. cxd3 Be7 12. a4 O-O 13. Kh1 Bd7 14. e5 dxe5 15. fxe5 Nd5 16. Nxd5 exd5 17. Bf4 Be6 18. Bg5 Rac8 19. Rac1 Qd7 20. Bxe7 Qxe7 21. Qd2 h6 22. h3 Qd7 23. a5 d4 24. Qf4 Rxc1 25. Rxc1 Rd8 26. Kh2 Bd5 27. Nd2 Bc6 28. Ne4 Bxe4 29. Qxe4 Qe7 30. Rc4 Qd7 31. Rb4 Qd5 32. Qxd5 Rxd5 33. Rxb7 Rxa5 34. Rd7 Rxe5 35. Rxd4 Rb5 36. b4 Kf8 37. Kg3 Ke7 38. Rc4 a5 39. bxa5 Rxa5 40. Rc7+ Ke6 41. Kf3 Ra8 1/2-1/2

[Event "WSTCC-50 2024"]
[Site "Krakow"]
[Date "2024.07.11"]
[Round "9.16"]
[White "Koganov, Mikhail"]
[Black "Thorhallsson, Throstur"]
[Result "1/2-1/2"]
[WhiteElo "2177"]
[BlackElo "2385"]
[Annotator "TA"]
[PlyCount "29"]
[EventDate "2024.07.01"]
[EventType "team-tourn"]
[EventCountry "POL"]
[SourceTitle "playchess.com"]
[Source "ChessBase"]
[SourceQuality "1"]

1. e4 c5 2. Nf3 d6 3. Bb5+ Bd7 4. Bxd7+ Qxd7 5. c4 Nc6 6. Nc3 g6 7. d4 cxd4 8. Nxd4 Bg7 9. Be3 Nf6 10. f3 O-O 11. O-O Rfc8 12. b3 Qd8 13. Qd2 a6 14. Rac1 Qa5 15. Nxc6 1/2-1/2

[Event "WSTCC-50 2024"]
[Site "Krakow"]
[Date "2024.07.11"]
[Round "9.16"]
[White "Jahn, Constanze"]
[Black "Morgan, Jamie"]
[Result "1-0"]
[WhiteElo "2051"]
[BlackElo "1843"]
[Annotator "RC"]
[PlyCount "71"]
[EventDate "2024.07.01"]
[EventType "team-tourn"]
[EventCountry "POL"]
[SourceTitle "playchess.com"]
[Source "ChessBase"]
[SourceQuality "1"]

1. e4 c5 2. Nf3 g6 3. Bc4 Bg7 4. O-O Nc6 5. c3 e6 6. d3 Nge7 7. Bb3 d5 8. Qe2 d4 9. cxd4 cxd4 10. Na3 O-O 11. Bd2 a6 12. Rac1 b5 13. h4 h5 14. Ng5 Ne5 15. Bb4 Re8 16. Bc5 N7c6 17. Nc2 a5 18. a4 b4 19. f4 Ng4 20. g3 Bf8 21. Bxf8 Kxf8 22. Nh3 Ra7 23. Nf2 Nxf2 24. Qxf2 Ba6 25. Rcd1 Kg7 26. Ne1 Bc8 27. Nf3 Rd7 28. Bc4 Qb6 29. Bb5 Ree7 30. Bxc6 Qxc6 31. Ne5 Qxa4 32. Nxd7 Rxd7 33. f5 exf5 34. exf5 Qb3 35. fxg6 fxg6 36. Qf8+ 1-0

[Event "WSTCC-50 2024"]
[Site "Krakow"]
[Date "2024.07.11"]
[Round "9.16"]
[White "Van Bentum, Horst"]
[Black "Serafim Junior, Arnor"]
[Result "1/2-1/2"]
[WhiteElo "1951"]
[BlackElo "1770"]
[Annotator "RC"]
[PlyCount "30"]
[EventDate "2024.07.01"]
[EventType "team-tourn"]
[EventCountry "POL"]
[SourceTitle "playchess.com"]
[Source "ChessBase"]
[SourceQuality "1"]

1. d4 Nf6 2. Nf3 g6 3. Bf4 Bg7 4. c3 d6 5. e3 O-O 6. h3 Nfd7 7. Nbd2 e5 8. Bh2 Nc6 9. Bb5 Ncb8 10. O-O a6 11. Bc4 Nc6 12. Re1 Qe7 13. Bd5 Nd8 14. dxe5 Nxe5 15. Nxe5 dxe5 1/2-1/2

[Event "WSTCC-50 2024"]
[Site "Krakow"]
[Date "2024.07.11"]
[Round "9.17"]
[White "Lalic, Susan K"]
[Black "Rogowski, Jaroslaw"]
[Result "1/2-1/2"]
[WhiteElo "2235"]
[BlackElo "2149"]
[Annotator "TA"]
[PlyCount "140"]
[EventDate "2024.07.01"]
[EventType "team-tourn"]
[EventCountry "POL"]
[SourceTitle "playchess.com"]
[Source "ChessBase"]
[SourceQuality "1"]

1. e4 c5 2. Nf3 e6 3. c3 Nf6 4. e5 Nd5 5. d4 cxd4 6. cxd4 Nc6 7. a3 d6 8. Bd3 Qc7 9. O-O Bd7 10. Re1 dxe5 11. dxe5 g6 12. Bd2 Bg7 13. Nc3 O-O 14. Rc1 Nxc3 15. Bxc3 Qb6 16. Qe2 Rfd8 17. Qe4 Be8 18. Bb1 Rac8 19. Qh4 Rd5 20. Ba2 Rd3 21. Ng5 h5 22. Nxe6 Bh6 23. Nf4 Qd8 24. Qxd8 Rdxd8 25. g3 Bxf4 26. gxf4 Nd4 27. Bxd4 Rxc1 28. Rxc1 Rxd4 29. e6 fxe6 30. Bxe6+ Kg7 31. Rc7+ Kf6 32. Bb3 Rd2 33. Rxb7 Rxb2 34. Bd5 Rxb7 35. Bxb7 Kf5 36. Kg2 Kxf4 37. Bd5 g5 38. Be6 Bc6+ 39. Kf1 Bb5+ 40. Kg2 Bc6+ 41. Kf1 Bf3 42. Ke1 Ke5 43. Bf7 Kd4 44. Kd2 h4 45. Be6 Ke5 46. Bd7 Kf4 47. Ke1 Bd5 48. Ke2 Bc4+ 49. Ke1 Ba6 50. Bc6 Bd3 51. Bg2 Be4 52. Bh3 Kf3 53. Kf1 Bd3+ 54. Kg1 Be2 55. Bg2+ Kf4 56. Bc6 h3 57. Bd7 g4 58. Bc6 a5 59. Bd7 Ke4 60. Bc6+ Kd4 61. Bd7 Kc3 62. f4 gxf3 63. Bxh3 Kb3 64. Be6+ Kxa3 65. h4 Kb4 66. Kf2 Kc5 67. h5 Kd6 68. h6 Bd3 69. Bg8 Ke5 70. Kxf3 Kf6 1/2-1/2

[Event "WSTCC-50 2024"]
[Site "Krakow"]
[Date "2024.07.11"]
[Round "9.17"]
[White "Slabek, Grzegorz"]
[Black "Bouah, Lyndon"]
[Result "1/2-1/2"]
[WhiteElo "1962"]
[BlackElo "1996"]
[Annotator "NA RC"]
[PlyCount "23"]
[EventDate "2024.07.01"]
[EventType "team-tourn"]
[EventCountry "POL"]
[SourceTitle "playchess.com"]
[Source "ChessBase"]
[SourceQuality "1"]

1. Nf3 Nf6 2. e3 g6 3. b4 Bg7 4. Bb2 O-O 5. Be2 d6 6. d4 Nbd7 7. O-O e5 8. c4 e4 9. Nfd2 c6 10. Nc3 d5 11. a4 Re8 12. b5 1/2-1/2

[Event "WSTCC-50 2024"]
[Site "Krakow"]
[Date "2024.07.11"]
[Round "9.18"]
[White "Ograbek, Grzegorz"]
[Black "Lauterbach, Ingrid"]
[Result "1-0"]
[WhiteElo "2063"]
[BlackElo "2023"]
[Annotator "RC"]
[PlyCount "39"]
[EventDate "2024.07.01"]
[EventType "team-tourn"]
[EventCountry "POL"]
[SourceTitle "playchess.com"]
[Source "ChessBase"]
[SourceQuality "1"]

1. d4 d5 2. c4 c6 3. Nf3 Nf6 4. Nc3 e6 5. e3 dxc4 6. Bxc4 b5 7. Bd3 a6 8. e4 h6 9. O-O Bb7 10. Qe2 Be7 11. Rd1 O-O 12. e5 Nfd7 13. Qe4 f5 14. exf6 Nxf6 15. Qxe6+ Kh8 16. Ne5 g5 17. Ng6+ Kg7 18. Qxe7+ Qxe7 19. Nxe7 Kh8 20. Ng6+ 1-0

[Event "WSTCC-50 2024"]
[Site "Krakow"]
[Date "2024.07.11"]
[Round "9.18"]
[White "Bhawoodien, Shabir Hussain"]
[Black "Czernicki, Bogdan"]
[Result "1/2-1/2"]
[WhiteElo "1990"]
[BlackElo "1886"]
[Annotator "RC"]
[PlyCount "104"]
[EventDate "2024.07.01"]
[EventType "team-tourn"]
[EventCountry "POL"]
[SourceTitle "playchess.com"]
[Source "ChessBase"]
[SourceQuality "1"]

1. e4 c5 2. Nf3 Nc6 3. Bb5 a6 4. Bxc6 bxc6 5. O-O d6 6. h3 g6 7. d3 Bg7 8. Nc3 e5 9. Bg5 f6 10. Be3 Rb8 11. b3 Ne7 12. Qd2 O-O 13. Bh6 Rf7 14. Bxg7 Kxg7 15. Nh2 g5 16. Ng4 Bxg4 17. hxg4 Qd7 18. Qe2 Rh8 19. g3 Kg6 20. f4 h6 21. Kg2 Rfh7 22. f5+ Kg7 23. Rh1 Rb8 24. Na4 Qa7 25. Qf2 a5 26. c3 Qb7 27. Rad1 Rbh8 28. Rh5 Rd8 29. Rhh1 Rdh8 30. Qf3 Rd8 31. d4 cxd4 32. cxd4 exd4 33. Rxd4 Rhh8 34. Rhd1 Qb8 35. Qd3 d5 36. Nc5 Rd6 37. Qe3 Re8 38. Ne6+ Rxe6 39. fxe6 Qe5 40. Qf3 Qxe6 41. Rf1 Rd8 42. Rf2 Qe5 43. Ra4 Rd6 44. Kh2 d4 45. Rd2 Kg6 46. Qd3 c5 47. a3 h5 48. gxh5+ Kxh5 49. Qe2+ Kg6 50. Rxa5 Rd8 51. Ra6 Rh8+ 52. Kg2 Nd5 1/2-1/2

[Event "WSTCC-50 2024"]
[Site "Krakow"]
[Date "2024.07.11"]
[Round "9.19"]
[White "Regan, Natasha K"]
[Black "Czyz, Andrzej"]
[Result "1-0"]
[WhiteElo "2015"]
[BlackElo "1921"]
[Annotator "RC"]
[PlyCount "49"]
[EventDate "2024.07.01"]
[EventType "team-tourn"]
[EventCountry "POL"]
[SourceTitle "playchess.com"]
[Source "ChessBase"]
[SourceQuality "1"]

1. Nf3 f5 2. c4 Nf6 3. Nc3 g6 4. b4 Bg7 5. Bb2 O-O 6. g3 d6 7. Bg2 e5 8. d3 c6 9. e4 Na6 10. Qb3 Qe7 11. O-O Kh8 12. Rfe1 fxe4 13. Nxe4 Nxe4 14. Rxe4 Bf5 15. Re3 Bh6 16. Nxe5 Qg7 17. Nxg6+ hxg6 18. Bxg7+ Bxg7 19. Rf1 Rae8 20. Rxe8 Rxe8 21. a3 Nc7 22. Qd1 Bc3 23. Be4 Bh3 24. Bxg6 Re5 25. Qf3 1-0

[Event "WSTCC-50 2024"]
[Site "Krakow"]
[Date "2024.07.11"]
[Round "9.19"]
[White "Skorecki, Janusz"]
[Black "Metcalfe, Allister"]
[Result "1/2-1/2"]
[WhiteElo "1729"]
[BlackElo "1889"]
[Annotator "NA RC"]
[PlyCount "102"]
[EventDate "2024.07.01"]
[EventType "team-tourn"]
[EventCountry "POL"]
[SourceTitle "playchess.com"]
[Source "ChessBase"]
[SourceQuality "1"]

1. e4 e6 2. d4 d5 3. Nc3 Bb4 4. e5 c5 5. a3 Bxc3+ 6. bxc3 Ne7 7. Nf3 Nbc6 8. Bd3 c4 9. Be2 Qa5 10. Bd2 Bd7 11. Qc1 f6 12. Be3 fxe5 13. dxe5 Nxe5 14. Bd4 N7c6 15. O-O Nxf3+ 16. Bxf3 Nxd4 17. cxd4 O-O 18. Qe3 Qc7 19. Bg4 Rae8 20. g3 c3 21. Bh5 Rc8 22. Bg4 Rf6 23. Rab1 a5 24. Rb3 a4 25. Rb4 b5 26. Rfb1 Qd6 27. Re1 g6 28. Qg5 Kg7 29. h4 Qf8 30. Qe5 Kg8 31. f4 h5 32. Be2 Kg7 33. Bxb5 Bxb5 34. Rxb5 Re8 35. Rxd5 Kg8 36. Rc5 Rf5 37. Qc7 Rf7 38. Qc6 Rf6 39. Qxa4 Rd8 40. Rxc3 Rxf4 41. gxf4 Qxf4 42. Qb3 Rf8 43. Qxe6+ Kh7 44. Qe3 Qg4+ 45. Qg3 Qxd4+ 46. Rce3 Rf4 47. Qxf4 Qxf4 48. Re7+ Kh6 49. Re8 Qg3+ 50. Kf1 Qf3+ 51. Kg1 Qg3+ 1/2-1/2

[Event "WSTCC-50 2024"]
[Site "Krakow"]
[Date "2024.07.11"]
[Round "9.20"]
[White "Wielosz, Jaroslaw"]
[Black "Jackson, Sheila"]
[Result "1/2-1/2"]
[WhiteElo "1920"]
[BlackElo "1988"]
[Annotator "RC"]
[PlyCount "29"]
[EventDate "2024.07.01"]
[EventType "team-tourn"]
[EventCountry "POL"]
[SourceTitle "playchess.com"]
[Source "ChessBase"]
[SourceQuality "1"]

1. c4 e5 2. Nf3 Nc6 3. d4 exd4 4. Nxd4 Nf6 5. Nxc6 bxc6 6. g3 Bb4+ 7. Bd2 Qe7 8. Bg2 O-O 9. O-O Bxd2 10. Qxd2 Rb8 11. b3 Bb7 12. Nc3 d6 13. e3 c5 14. Bxb7 Rxb7 15. Qe2 1/2-1/2